Teuersten Bundesliga Transfers (Stand 2023) - Statistiken

Allgemein
  • Dieses Quiz wurde 437 mal gespielt
  • Das Durchschnittsergebnis liegt bei 38 aus 50
Antwortstatistiken
Ablöse Nation Aufnehmender Verein Spieler % Korrekt
100mio England Bayern München Harry Kane
99%
103mio England Real Madrid Jude Bellingham
97%
135mio Frankreich FC Barcelona Ousmane Dembele
97%
35mio Frankreich Bor. Dortmund Ousmane Dembele
97%
80mio Deutschland FC Chelsea Kai Haverttz
95%
76mio Belgien Manchester City Kevin De Bruyne
93%
60mio Norwegen Manchester City Erling Haaland
92%
85mio England Manchester Utd. Jadon Sancho
91%
64mio USA FC Chelsea Christian Pulisic
89%
63,75mio Gabun FC Arsenal Pierre-Emerick Aubameyang
89%
67mio Niederlande Bayern München Matthijs de Ligt
88%
50mio Süd Korea Bayern München Min-jae Kim
88%
45mio Polen FC Barcelona Robert Lewandowski
88%
80mio Frankreich Bayern München Lucas Hernandez
87%
45mio Frankreich Paris SG Lucas Hernandez
87%
95mio Frankreich Paris SG Randal Kolo Muani
87%
90mio Kroatien Manchester City Josko Gvardiol
86%
36,8mio Kroatien RB Leipzig Josko Gvardiol
86%
43mio Deutschland VFL Wolfsburg Julian Draxler
84%
36mio Deutschland Paris SG Julian Draxler
84%
53mio Deutschland FC Chelsea Timo Werner
84%
45mio Schweiz FC Arsenal Granit Xhaka
83%
52mio Deutschland Manchester City Leroy Sane
81%
49mio Deutschland Bayern München Leroy Sane
81%
39,25mio Chile Bayern München Arturo Vidal
80%
63mio Serbien Real Madrid Luka Jovic
79%
70mio Ungarn FC Liverpool Dominik Szoboszlai
77%
36mio Ungarn RB Leipzig Dominik Szoboszlai
77%
42,50mio Frankreich Bayern München Dayot Upamecano
73%
60mio Guinea FC Liverpool Naby Keita
73%
37mio Bosnien-Herzigowina Manchester City Edin Dzeko
71%
40mio Spanien Bayern München Javi Martinez
70%
60mio Frankreich FC Chelsea Christopher Nkunku
69%
38,5mio Belgien RB Leipzig Lois Openda
68%
50mio Elfenbeinküste West Ham Utd. Sebastian Haller
68%
55mio Frankreich Aston Villa Moussa Diaby
67%
40mio Brasiien Juventus Turin Douglas Costa
66%
37mio Deutschland Bayern München Mario Götze
66%
37mio Deutschland Paris SG Thilo Kehrer
65%
35mio Deutschland Bayern München Mats Hummels
64%
35mio Portugal Bayern München Renato Sanches
64%
35mio Frankreich Bayern München Benjamin Pavard
63%
42mio Amenien Manchester Utd. Henrikh Mkhitaryan
63%
41mio Brasilien FC Liverpool Roberto Firmino
63%
40mio Niederlande Tottenham Micky van de Ven
62%
44mio Brasilien Newcastle Utd. Joelinton
59%
41,50mio Frankreich Bayern München Corentin Tolisso
57%
40mio Frankreich FC Liverpool Ibrahima Konate
56%
40mio Niederlande FC Liverpool Ryan Gravenberch
53%
35mio Brasilien Atletico Madrid Matheus Cunha
42%
Keine übereinstimmenden Quizze gefunden
Verteilung der Resultate
Anzahl Personen mit jedem Resultat
Perzentil nach korrekt beantworteten Fragen
Ihre Resultats-Entwicklung
Sie haben dieses Quiz noch nicht gespielt